[Event "Asuncion op"]
[Site "Asuncion"]
[Date "2014.05.04"]
[Round "6"]
[White "Vazquez, Guillermo"]
[Black "Goiriz, Yahari Damian"]
[Result "1-0"]
[WhiteElo "2343"]
[BlackElo "2064"]
[PlyCount "73"]
[EventDate "2014.04.30"]
[EventType "swiss"]
[EventRounds "9"]
[EventCountry "PAR"]
[SourceTitle "CBM 160 Extra"]
[Source "ChessBase"]
[SourceDate "2014.07.01"]
[SourceVersion "1"]
[SourceVersionDate "2014.07.01"]
[SourceQuality "1"]

1. Nf3 Nf6 2. c4 e6 3. g3 d5 4. Bg2 Be7 5. 0-0 0-0 6. d4 c5 7. cxd5 exd5 8. Nc3 Nc6 9. dxc5 Bxc5 10. Na4 Be7 11. Be3 Re8 12. Rc1 Bg4 13. Re1 Rc8 14. Nd4 Bb4 15. Nxc6 Rxc6 16. Rxc6 bxc6 17. Bd2 Qa5 18. Bxb4 Qxb4 19. a3 Qc4 20. Bf1 c5 21. h3 Bd7 22. Nc3 d4 23. e3 Qe6 24. Nb1 h5 25. Nd2 h4 26. g4 Bc6 27. Nf3 Bxf3 28. Qxf3 Qb3 29. g5 Nd5 30. g6 fxg6 31. Rc1 Rf8 32. Bc4 Qxc4 33. Qxf8+ Kxf8 34. Rxc4 dxe3 35. fxe3 Nxe3 36. Rxc5 Ke7 37. Re5+ 1-0

[Event "Asuncion op"]
[Site "Asuncion"]
[Date "2014.04.30"]
[Round "1"]
[White "Avalos Arguello, Jose Mathias"]
[Black "Goiriz, Yahari Damian"]
[Result "1/2-1/2"]
[WhiteElo "1629"]
[BlackElo "2064"]
[PlyCount "89"]
[EventDate "2014.04.30"]
[EventType "swiss"]
[EventRounds "9"]
[EventCountry "PAR"]
[SourceTitle "CBM 160 Extra"]
[Source "ChessBase"]
[SourceDate "2014.07.01"]
[SourceVersion "1"]
[SourceVersionDate "2014.07.01"]
[SourceQuality "1"]

1. d4 d5 2. c4 e6 3. Nc3 Nf6 4. cxd5 exd5 5. Bg5 Nbd7 6. e3 Be7 7. Nf3 0-0 8. Bd3 b6 9. 0-0 Bb7 10. Qc2 c5 11. Ne5 c4 12. Bf5 g6 13. Nxd7 Nxd7 14. Bxe7 Qxe7 15. Bxd7 Qxd7 16. Ne2 Rfc8 17. Qd2 a5 18. b4 cxb3 19. axb3 Ba6 20. Rfc1 Qb5 21. Nc3 Qxb3 22. Rab1 Qc4 23. Rxb6 a4 24. Rbb1 a3 25. h3 Qd3 26. Qxd3 Bxd3 27. Ra1 Bc4 28. e4 Kf8 29. exd5 Ke7 30. Ne4 Bxd5 31. Rxc8 Rxc8 32. Rxa3 Rc1+ 33. Kh2 Bxe4 34. Re3 f5 35. f3 Rd1 36. fxe4 f4 37. Rf3 g5 38. h4 Rxd4 39. hxg5 Rxe4 40. Rh3 Ke6 41. Rxh7 Kf5 42. Rf7+ Kxg5 43. g3 Kg4 44. Rxf4+ Rxf4 45. gxf4 1/2-1/2

[Event "PAR-ch"]
[Site "Asuncion"]
[Date "2013.11.27"]
[Round "10"]
[White "Delgado Ramirez, Neuris"]
[Black "Goiriz, Yahari Damian"]
[Result "1-0"]
[WhiteElo "2598"]
[BlackElo "2090"]
[PlyCount "49"]
[EventDate "2013.11.18"]
[EventType "tourn"]
[EventRounds "11"]
[EventCountry "PAR"]
[EventCategory "1"]
[SourceTitle "CBM 157 Extra"]
[Source "ChessBase"]
[SourceDate "2013.12.19"]
[SourceVersion "1"]
[SourceVersionDate "2013.12.19"]
[SourceQuality "1"]

1. e4 c6 2. d4 d5 3. e5 Bf5 4. h4 h5 5. Bg5 Qb6 6. Bd3 Bxd3 7. Qxd3 e6 8. Nd2 Ne7 9. Ngf3 Nd7 10. 0-0 c5 11. c4 Qa6 12. b3 Nc6 13. Qb1 dxc4 14. d5 Ncxe5 15. Re1 c3 16. Nc4 Nxf3+ 17. gxf3 Nf6 18. dxe6 0-0-0 19. e7 Bxe7 20. Rxe7 b5 21. Qf5+ Kb8 22. Qf4+ Ka8 23. Bxf6 gxf6 24. Qe4+ Kb8 25. Na5 1-0

[Event "PAR-ch"]
[Site "Asuncion"]
[Date "2013.11.23"]
[Round "6"]
[White "Butti, Enrique"]
[Black "Goiriz, Yahari Damian"]
[Result "1-0"]
[WhiteElo "2060"]
[BlackElo "2090"]
[PlyCount "32"]
[EventDate "2013.11.18"]
[EventType "tourn"]
[EventRounds "11"]
[EventCountry "PAR"]
[EventCategory "1"]
[SourceTitle "CBM 157 Extra"]
[Source "ChessBase"]
[SourceDate "2013.12.19"]
[SourceVersion "1"]
[SourceVersionDate "2013.12.19"]
[SourceQuality "1"]

1. d4 Nf6 2. Nf3 e6 3. e3 b6 4. Bd3 Bb7 5. 0-0 d5 6. b3 Nbd7 7. Bb2 Bd6 8. Nbd2 0-0 9. Ne5 c5 10. f4 Ne4 11. Bxe4 dxe4 12. Ndc4 Be7 13. dxc5 Nxe5 14. Bxe5 Bxc5 15. Bd6 Re8 16. Bxc5 bxc5 1-0

[Event "PAR-ch"]
[Site "Asuncion"]
[Date "2013.11.20"]
[Round "3"]
[White "Goiriz, Yahari Damian"]
[Black "Bergonzi, Osvaldo"]
[Result "0-1"]
[WhiteElo "2090"]
[BlackElo "2064"]
[PlyCount "61"]
[EventDate "2013.11.18"]
[EventType "tourn"]
[EventRounds "11"]
[EventCountry "PAR"]
[EventCategory "1"]
[SourceTitle "CBM 157 Extra"]
[Source "ChessBase"]
[SourceDate "2013.12.19"]
[SourceVersion "1"]
[SourceVersionDate "2013.12.19"]
[SourceQuality "1"]

1. Nf3 Nf6 2. g3 d6 3. d4 g6 4. b3 Bg7 5. Bb2 c5 6. d5 b5 7. a4 b4 8. Bg2 0-0 9. Nfd2 Ba6 10. Nc4 Bxc4 11. bxc4 a5 12. 0-0 Nbd7 13. Nd2 Nb6 14. e4 Qd7 15. c3 Ng4 16. Qc2 Nxa4 17. Rxa4 bxc3 18. Bc1 cxd2 19. Bxd2 Rfb8 20. Ra2 a4 21. Bh3 f5 22. f3 Bd4+ 23. Kg2 a3 24. Bc1 Rb2 25. Rxb2 axb2 26. Bd2 h5 27. fxg4 fxg4 28. e5 gxh3+ 29. Kh1 Qg4 30. Be1 Ra1 31. e6 0-1

[Event "World University-ch 12th"]
[Site "Guimaraes"]
[Date "2012.08.21"]
[Round "4"]
[White "Salazar Loor, Rodger Benjamin"]
[Black "Goiriz, Yahari Damian"]
[Result "1-0"]
[WhiteElo "2021"]
[BlackElo "2125"]
[PlyCount "69"]
[EventDate "2012.08.20"]
[EventType "swiss"]
[EventRounds "9"]
[EventCountry "POR"]
[SourceTitle "CBM 150 Extra"]
[Source "ChessBase"]
[SourceDate "2012.10.19"]
[SourceVersion "1"]
[SourceVersionDate "2012.10.19"]
[SourceQuality "1"]

1. c4 e6 2. Nf3 d5 3. g3 Nf6 4. Bg2 Be7 5. 0-0 0-0 6. d4 b6 7. cxd5 exd5 8. Nc3 Bb7 9. Bf4 c5 10. Rc1 Nbd7 11. Qd2 Rc8 12. Rfd1 c4 13. Ne5 a6 14. Bg5 b5 15. a3 Qc7 16. Bh3 Nxe5 17. dxe5 Qxe5 18. Bxc8 Rxc8 19. Bxf6 Bxf6 20. e3 Rd8 21. Qd4 Qe6 22. Qc5 Qh3 23. Nxd5 Rxd5 24. Rxd5 h6 25. Qd6 Bxb2 26. Qb8+ Kh7 27. Qxb7 Bxc1 28. Qxf7 Bb2 29. Rd8 Bf6 30. Qg8+ Kg6 31. Qe8+ Kh7 32. Qe4+ g6 33. Qb7+ Bg7 34. Qf7 h5 35. Rg8 1-0

[Event "Asuncion2"]
[Site "Asuncion"]
[Date "2012.01.28"]
[Round "9"]
[White "Soppe, Guillermo"]
[Black "Goiriz, Yahari Damian"]
[Result "1-0"]
[WhiteElo "2424"]
[BlackElo "2106"]
[PlyCount "43"]
[EventDate "2012.01.20"]
[EventType "tourn"]
[EventRounds "9"]
[EventCountry "PAR"]
[EventCategory "1"]
[SourceTitle "CBM 146 Extra"]
[Source "ChessBase"]
[SourceDate "2012.02.29"]
[SourceVersion "1"]
[SourceVersionDate "2012.02.29"]
[SourceQuality "1"]

1. Nf3 Nf6 2. c4 e6 3. Nc3 d5 4. d4 Be7 5. Bf4 0-0 6. e3 c5 7. dxc5 Bxc5 8. Qc2 Nc6 9. a3 d4 10. 0-0-0 Qe7 11. exd4 Bxd4 12. Nxd4 Nxd4 13. Rxd4 e5 14. Qe2 Re8 15. Nd5 Qf8 16. Bxe5 Nxd5 17. Rxd5 Be6 18. Bd6 Bxd5 19. Bxf8 Rxe2 20. Bxe2 Bxg2 21. Rg1 Kxf8 22. Rxg2 1-0

[Event "Asuncion2"]
[Site "Asuncion"]
[Date "2012.01.27"]
[Round "8"]
[White "Goiriz, Yahari Damian"]
[Black "Roman, Rodrigo"]
[Result "1/2-1/2"]
[WhiteElo "2106"]
[BlackElo "2053"]
[PlyCount "26"]
[EventDate "2012.01.20"]
[EventType "tourn"]
[EventRounds "9"]
[EventCountry "PAR"]
[EventCategory "1"]
[SourceTitle "CBM 146 Extra"]
[Source "ChessBase"]
[SourceDate "2012.02.29"]
[SourceVersion "1"]
[SourceVersionDate "2012.02.29"]
[SourceQuality "1"]

1. e4 d6 2. d4 Nf6 3. Nc3 g6 4. Be2 c6 5. g4 b5 6. g5 b4 7. gxf6 bxc3 8. fxe7 Qxe7 9. Qd3 cxb2 10. Bxb2 Bg7 11. Nf3 0-0 12. Ba3 Re8 13. e5 Ba6 1/2-1/2

[Event "Asuncion2"]
[Site "Asuncion"]
[Date "2012.01.24"]
[Round "5"]
[White "Valiente, Cristobal"]
[Black "Goiriz, Yahari Damian"]
[Result "1/2-1/2"]
[WhiteElo "2261"]
[BlackElo "2106"]
[PlyCount "20"]
[EventDate "2012.01.20"]
[EventType "tourn"]
[EventRounds "9"]
[EventCountry "PAR"]
[EventCategory "1"]
[SourceTitle "CBM 146 Extra"]
[Source "ChessBase"]
[SourceDate "2012.02.29"]
[SourceVersion "1"]
[SourceVersionDate "2012.02.29"]
[SourceQuality "1"]

1. Nf3 d5 2. g3 Nf6 3. Bg2 e6 4. 0-0 Be7 5. d4 0-0 6. c4 b6 7. Nc3 Bb7 8. Ne5 c6 9. e4 dxc4 10. Nxc4 Ba6 1/2-1/2

[Event "PAR-ch"]
[Site "Asuncion"]
[Date "2011.09.30"]
[Round "5"]
[White "Vazquez, Guillermo"]
[Black "Goiriz, Yahari Damian"]
[Result "1-0"]
[WhiteElo "2275"]
[BlackElo "2083"]
[PlyCount "93"]
[EventDate "2011.09.23"]
[EventType "swiss"]
[EventRounds "9"]
[EventCountry "PAR"]
[SourceTitle "CBM 144 Extra"]
[Source "ChessBase"]
[SourceDate "2011.10.28"]
[SourceVersion "1"]
[SourceVersionDate "2011.10.28"]
[SourceQuality "1"]

1. e4 c5 2. Nf3 d6 3. d4 cxd4 4. Nxd4 Nf6 5. Nc3 a6 6. f3 e6 7. Be3 b5 8. Qd2 Nbd7 9. 0-0-0 Bb7 10. g4 h6 11. h4 b4 12. Nb1 d5 13. Bh3 e5 14. Nf5 d4 15. g5 dxe3 16. Qxe3 g6 17. Ng3 Qc7 18. gxf6 Nxf6 19. h5 Be7 20. Nd2 Nxh5 21. Nxh5 gxh5 22. Kb1 Rd8 23. Qe2 Bg5 24. Nc4 0-0 25. Rdg1 Rd4 26. b3 Rfd8 27. f4 Rxc4 28. fxg5 Rxc2 29. gxh6+ Kh8 30. Qxc2 Qxc2+ 31. Kxc2 Bxe4+ 32. Kc1 Bxh1 33. Rxh1 Kh7 34. Rf1 Kxh6 35. Rxf7 Kg5 36. Rf5+ Kh4 37. Bf1 Rg8 38. Bxa6 Rg1+ 39. Kd2 Ra1 40. Be2 Rxa2+ 41. Ke3 Rc2 42. Rxh5+ Kg3 43. Bc4 Rc3+ 44. Ke4 Kf2 45. Rxe5 Ke1 46. Kd4+ Kd2 47. Kc5 1-0

[Event "Asuncion zt 2.5"]
[Site "Asuncion"]
[Date "2011.05.20"]
[Round "5"]
[White "Goiriz, Yahari Damian"]
[Black "Vazquez, Guillermo"]
[Result "0-1"]
[WhiteElo "2093"]
[BlackElo "2199"]
[PlyCount "32"]
[EventDate "2011.05.16"]
[EventType "swiss"]
[EventRounds "9"]
[EventCountry "PAR"]
[SourceTitle "CBM 142 Extra"]
[Source "ChessBase"]
[SourceDate "2011.06.27"]
[SourceVersion "1"]
[SourceVersionDate "2011.06.27"]
[SourceQuality "1"]

1. Nf3 Nf6 2. g3 g6 3. b3 Bg7 4. Bb2 d6 5. d4 c5 6. Bg2 cxd4 7. Nxd4 d5 8. 0-0 0-0 9. c4 dxc4 10. bxc4 Qb6 11. Qb3 Nfd7 12. e3 Nc6 13. Rd1 Nc5 14. Qb5 Na4 15. Nxc6 Nxb2 16. Rf1 bxc6 0-1

[Event "PAR-ch"]
[Site "Asuncion"]
[Date "2010.07.04"]
[Round "8"]
[White "Peralta, Eduardo"]
[Black "Goiriz, Yahari Damian"]
[Result "1-0"]
[WhiteElo "2280"]
[BlackElo "2057"]
[PlyCount "53"]
[EventDate "2010.06.12"]
[EventType "swiss"]
[EventRounds "9"]
[EventCountry "PAR"]
[SourceTitle "CBM 137 Extra"]
[Source "ChessBase"]
[SourceDate "2010.09.01"]
[SourceVersion "1"]
[SourceVersionDate "2010.09.01"]
[SourceQuality "1"]

1. d4 d5 2. Nf3 Nf6 3. c4 e6 4. g3 c5 5. cxd5 exd5 6. Bg2 Be7 7. 0-0 0-0 8. Nc3 Nc6 9. dxc5 Bxc5 10. Bg5 Be6 11. Qa4 h6 12. Bxf6 Qxf6 13. Rad1 Rfd8 14. Ne1 Bd4 15. Rc1 Bb6 16. Nd3 Rac8 17. Nf4 Ne5 18. Ncxd5 Bxf2+ 19. Kh1 Bxd5 20. Nxd5 Qg5 21. Rxc8 Rxc8 22. Rxf2 Rc1+ 23. Bf1 Ng4 24. Qe8+ Kh7 25. Qe4+ Kh8 26. Rxf7 Nf6 27. Rf8+ 1-0

[Event "PAR-ch"]
[Site "Asuncion"]
[Date "2010.06.26"]
[Round "6"]
[White "Goiriz, Yahari Damian"]
[Black "Barrientos, Edgar"]
[Result "1-0"]
[WhiteElo "2057"]
[BlackElo "2002"]
[PlyCount "105"]
[EventDate "2010.06.12"]
[EventType "swiss"]
[EventRounds "9"]
[EventCountry "PAR"]
[SourceTitle "CBM 137 Extra"]
[Source "ChessBase"]
[SourceDate "2010.09.01"]
[SourceVersion "1"]
[SourceVersionDate "2010.09.01"]
[SourceQuality "1"]

1. Nf3 d5 2. c4 c6 3. d4 Nf6 4. Nc3 Bg4 5. Ne5 Bf5 6. g3 e6 7. Bg2 Nbd7 8. 0-0 Be7 9. cxd5 exd5 10. Nxd7 Qxd7 11. f3 Rd8 12. Be3 Bh3 13. Bf2 0-0 14. e4 Bxg2 15. Kxg2 dxe4 16. fxe4 Bb4 17. Qf3 Bxc3 18. bxc3 Rfe8 19. e5 Nd5 20. c4 Nb6 21. Rac1 Qe6 22. Qb3 Rd7 23. a4 Red8 24. a5 Nc8 25. Bg1 Ne7 26. Rf3 Nf5 27. Rcf1 Nxd4 28. Bxd4 Rxd4 29. Rxf7 Rd2+ 30. Kg1 R2d7 31. Rxd7 Rxd7 32. a6 b6 33. Qf3 Rf7 34. Qe4 Re7 35. Re1 g6 36. Rd1 Kg7 37. Qf4 Rf7 38. Qd4 Re7 39. Qd6 Kf7 40. Rf1+ Kg7 41. Qb8 h5 42. Re1 Qxc4 43. e6 Rxe6 44. Qxa7+ Kf6 45. Rf1+ Kg5 46. Qxb6 c5 47. Qd8+ Kh6 48. a7 Ra6 49. a8Q Rxa8 50. Qxa8 Qd4+ 51. Kg2 c4 52. Qf8+ Kg5 53. h4+ 1-0

[Event "PAR-ch"]
[Site "Asuncion"]
[Date "2010.06.13"]
[Round "3"]
[White "Latorre, Manuel"]
[Black "Goiriz, Yahari Damian"]
[Result "0-1"]
[WhiteElo "2300"]
[BlackElo "2057"]
[PlyCount "69"]
[EventDate "2010.06.12"]
[EventType "swiss"]
[EventRounds "9"]
[EventCountry "PAR"]
[SourceTitle "CBM 137 Extra"]
[Source "ChessBase"]
[SourceDate "2010.09.01"]
[SourceVersion "1"]
[SourceVersionDate "2010.09.01"]
[SourceQuality "1"]

1. d4 d5 2. c4 e6 3. Nc3 Nf6 4. Bg5 Be7 5. e3 0-0 6. Nf3 b6 7. Rc1 Bb7 8. Bd3 Nbd7 9. cxd5 exd5 10. 0-0 c5 11. dxc5 bxc5 12. b3 Ne4 13. Bxe7 Qxe7 14. Qe2 Rad8 15. Rfd1 f5 16. Ba6 Ndf6 17. Bxb7 Qxb7 18. Na4 Qe7 19. h3 Rde8 20. Qc2 a5 21. Ne1 Ng4 22. Nd3 Qh4 23. Re1 Ng5 24. Nf4 Re4 25. Nc3 Rxf4 26. exf4 Nxh3+ 27. gxh3 Qxh3 28. f3 Qxf3 29. Qg2 Qxf4 30. Nxd5 Qd4+ 31. Kf1 Qd3+ 32. Kg1 Qd4+ 33. Kf1 Qd3+ 34. Re2 Re8 35. Rce1 0-1

[Event "Asuncion Roggio Cup-C 3rd"]
[Site "Asuncion"]
[Date "2010.05.26"]
[Round "6"]
[White "Goiriz, Yahari Damian"]
[Black "Vazquez, Guillermo"]
[Result "1/2-1/2"]
[WhiteElo "2052"]
[BlackElo "2004"]
[PlyCount "27"]
[EventDate "2010.05.20"]
[EventType "swiss"]
[EventRounds "9"]
[EventCountry "PAR"]
[SourceTitle "CBM 136 Extra"]
[Source "ChessBase"]
[SourceDate "2010.07.02"]
[SourceVersion "2"]
[SourceVersionDate "2010.07.15"]
[SourceQuality "1"]

1. c4 c5 2. Nc3 Nc6 3. g3 g6 4. Bg2 Bg7 5. d3 d6 6. e4 e5 7. Nge2 Nge7 8. Be3 0-0 9. Qd2 a6 10. Bh6 Rb8 11. h4 f6 12. Bxg7 Kxg7 13. f4 h6 14. 0-0 1/2-1/2

[Event "Asuncion Roggio Cup-C 3rd"]
[Site "Asuncion"]
[Date "2010.05.24"]
[Round "4"]
[White "Goiriz, Yahari Damian"]
[Black "Diaz, Fernando"]
[Result "1-0"]
[WhiteElo "2052"]
[BlackElo "1999"]
[PlyCount "51"]
[EventDate "2010.05.20"]
[EventType "swiss"]
[EventRounds "9"]
[EventCountry "PAR"]
[SourceTitle "CBM 136 Extra"]
[Source "ChessBase"]
[SourceDate "2010.07.02"]
[SourceVersion "2"]
[SourceVersionDate "2010.07.15"]
[SourceQuality "1"]

1. d4 Nf6 2. c4 e6 3. Nc3 Bb4 4. e3 Bxc3+ 5. bxc3 d6 6. Bd3 0-0 7. e4 e5 8. Ne2 Re8 9. f3 Nc6 10. Be3 Ne7 11. Qd2 Ng6 12. 0-0 c6 13. Ng3 Qc7 14. Bg5 Nd7 15. Nh5 f6 16. Bh6 Re7 17. c5 gxh6 18. Bc4+ Kh8 19. Qxh6 Ndf8 20. f4 exf4 21. Rxf4 Be6 22. cxd6 Qxd6 23. Rxf6 Qd7 24. Raf1 Kg8 25. Bxe6+ Rxe6 26. Rxe6 1-0

[Event "South America-ch U20 7th"]
[Site "Asuncion"]
[Date "2010.05.15"]
[Round "7.6"]
[White "Goiriz, Yahari Damian"]
[Black "Pereira, Fabian"]
[Result "1-0"]
[WhiteElo "2052"]
[BlackElo "2119"]
[PlyCount "39"]
[EventDate "2010.05.11"]
[EventType "swiss"]
[EventRounds "9"]
[EventCountry "PAR"]
[SourceTitle "EXT 2022"]
[Source "ChessBase"]
[SourceDate "2021.10.06"]
[SourceVersion "1"]
[SourceVersionDate "2021.10.06"]
[SourceQuality "1"]

1. e4 c5 2. Nf3 e6 3. c4 a6 4. Nc3 Nc6 5. d4 cxd4 6. Nxd4 Qc7 7. Be3 Nf6 8. Rc1 Bb4 9. Bd3 Ne5 10. f3 Nxc4 11. Bxc4 Qxc4 12. a3 Ba5 13. b4 Bxb4 14. axb4 Qxb4 15. 0-0 d6 16. Qd2 0-0 17. Rb1 Qa5 18. Nde2 Qc7 19. Rfd1 Nd7 20. Rbc1 1-0

[Event "South America-ch U20 7th"]
[Site "Asuncion"]
[Date "2010.05.12"]
[Round "2.1"]
[White "Goiriz, Yahari Damian"]
[Black "Macias Murillo, Bryan"]
[Result "0-1"]
[WhiteElo "2052"]
[BlackElo "2347"]
[PlyCount "90"]
[EventDate "2010.05.11"]
[EventType "swiss"]
[EventRounds "9"]
[EventCountry "PAR"]
[SourceTitle "EXT 2022"]
[Source "ChessBase"]
[SourceDate "2021.10.06"]
[SourceVersion "1"]
[SourceVersionDate "2021.10.06"]
[SourceQuality "1"]

1. Nf3 Nf6 2. g3 d5 3. c4 c6 4. Bg2 dxc4 5. a4 Be6 6. Qc2 Na6 7. Na3 Qd5 8. 0-0 g6 9. e3 Qd3 10. Qc3 Qxc3 11. bxc3 Nc5 12. Ne5 Nb3 13. Rb1 Na5 14. Rxb7 Nxb7 15. Bxc6+ Nd7 16. Nb5 0-0-0 17. Nxa7+ Kc7 18. Nb5+ Kb8 19. Nxd7+ Rxd7 20. Bxd7 Bxd7 21. Ba3 Bxb5 22. axb5 e6 23. Bxf8 Rxf8 24. Ra1 Rc8 25. Kf1 Rc5 26. b6 Ra5 27. Rb1 Nd6 28. Ke2 Rb5 29. Rh1 Rxb6 30. h4 h5 31. Ra1 Rb2 32. Ra4 Kb7 33. f4 Kc6 34. Ra6+ Kc5 35. e4 Rb6 36. Ra7 Rb7 37. Ra6 Nb5 38. Ra5 Ra7 39. Rxa7 Nxa7 40. d3 cxd3+ 41. Kxd3 Nc6 42. c4 e5 43. fxe5 Nxe5+ 44. Ke3 Kxc4 45. Kf4 f6 0-1

[Event "Asuncion Clasificatorio Roggio-B"]
[Site "Asuncion"]
[Date "2010.03.13"]
[Round "3"]
[White "Villalba, Marcelo"]
[Black "Goiriz, Yahari Damian"]
[Result "1-0"]
[WhiteElo "2086"]
[BlackElo "2057"]
[PlyCount "77"]
[EventDate "2010.03.11"]
[EventType "tourn"]
[EventRounds "8"]
[EventCountry "PAR"]
[SourceTitle "EXT 2023"]
[Source "ChessBase"]
[SourceDate "2022.10.05"]
[SourceVersion "1"]
[SourceVersionDate "2022.10.05"]
[SourceQuality "1"]

1. d4 d5 2. Nf3 Nf6 3. c4 e6 4. Nc3 Be7 5. e3 b6 6. b3 Bb7 7. Bd3 Nbd7 8. 0-0 Ne4 9. Bb2 f5 10. Ne2 Bd6 11. Nf4 Qe7 12. Ne5 0-0 13. Qh5 Ndf6 14. Qe2 Nd7 15. f3 Nef6 16. Rac1 c5 17. Qf2 Rad8 18. Qh4 Qe8 19. Kh1 Bb8 20. Rfd1 cxd4 21. exd4 dxc4 22. Bxc4 Nd5 23. Nxd5 Bxd5 24. Bxd5 Nxe5 25. dxe5 exd5 26. f4 Qe6 27. Rd2 Rd7 28. Rcd1 Bc7 29. Qf2 Rc8 30. Qf3 Rcd8 31. Bd4 Qc6 32. Qd3 Qe6 33. Rc2 Re8 34. Rdc1 Qf7 35. Qa6 Bb8 36. Rc6 Re6 37. Rxe6 Qxe6 38. Qc8+ Kf7 39. Qxb8 1-0

[Event "Asuncion zt 2.5"]
[Site "Asuncion"]
[Date "2009.06.18"]
[Round "9"]
[White "Daneri, Martin"]
[Black "Goiriz, Yahari Damian"]
[Result "1-0"]
[WhiteElo "2149"]
[BlackElo "2056"]
[PlyCount "53"]
[EventDate "2009.06.10"]
[EventType "swiss"]
[EventRounds "9"]
[EventCountry "PAR"]
[SourceTitle "CBM 130 Extra"]
[Source "ChessBase"]
[SourceDate "2009.07.02"]
[SourceVersion "2"]
[SourceVersionDate "2009.07.15"]
[SourceQuality "1"]

1. e4 c5 2. Nc3 d6 3. f4 Nc6 4. Nf3 g6 5. Bb5 Bg7 6. 0-0 e6 7. Bxc6+ bxc6 8. d3 Rb8 9. Qe2 Ne7 10. Kh1 0-0 11. e5 d5 12. b3 c4 13. Ba3 cxd3 14. cxd3 Ba6 15. Na4 Re8 16. Rfc1 d4 17. Bd6 Nd5 18. Bxb8 Qxb8 19. g3 c5 20. Nxc5 Bb5 21. Nxd4 Qa8 22. Nxb5 Nxf4+ 23. Qe4 Nd5 24. Nd6 Bxe5 25. Qxe5 f5 26. Nxe8 Nf4+ 27. Ne4 1-0